000
00327nam a22001337a 4500
008
190205b xxu||||| |||| 00| 0 eng d
020
_a
9780314667922
041
_a
eng
080
_2
3rd
_a
311
100
_a
55
101
_a
STA
245
_a
Understanding Statistics in the Behavioral Sciences
_c
Pagano,R.R
942
_2
udc
_c
BK
999
_c
53958
_d
53958